1822 1427 1851 1439 1545 1996 1285 1408 1135 1417 1533 1101 1431 1928 1171 1524 1957 1450 1107 1652 1378 1273 1625 1926 1261 1240 1773 1974 1854 1610 1873 1019 1084 1636 1359 1844 1936 1401 1799 1319 1670 1855 1902 1646 1729 1781 1390 1430 1269 1666 1354 1366 1626 1849 1093 1486 1728 1205 1169 1384 1107 1499 1966 1971 1995 1864 1145 1639 1998 1197 1656 1855 1024 1012 1911 1091 1563 1515 1519 1763 1122 1863 1858 1040 1989 1947 1922 1028 1860 1139 1438 1789 1821 1529 1790 1853 1920 1180 1216 BCNSPRNW ULIB Ver.6.0+V

เปลี่ยนเป็นภาษาไทย

Change to English
 แสดงรายละเอียดบรรณานุกรม
  กลับหน้าหลัก

Brief Record : Get Marc (ISO 2709) : E-mail record : QR code < ปิดหน้าต่าง
LEADER : 00000nas 2200000uu 4500
001    13399122942
003     ULIB
008    131106s||||||||th 000 0 tha d
022 0  1906-6813
110 1  วิทยาลัยพยาบาลบรมราชชนนี สุรินทร์
245 00 ราชาวดีสาร^cวิทยาลัยพยาบาลบรมราชชนนี สุรินทร์
246 0  Journal of borommrajonani college og nursing, Surin
310    ^aราย 6 เดือน
850 ^a ULIB^bฉบับที่ 2 ปีที่ 1 ;ฉบับที่ 2 ปีที่ 2 ;ฉบับที่ 1 ปีที่ 2 ;ฉบับที่ 2 ปีที่ 3 ฉ.1 ;ฉบับที่ 4 ปีที่ 1 ฉ.1 ;ฉบับที่ 4 ปีที่ 2 ฉ.1
945    ^p0^l0^i901744
945    ^p0^l0^i902056
945    ^p0^l0^i902197
945    ^p0^l0^i902854
945    ^p0^l0^i903569
945    ^p0^l0^i903570
999    ^aเกษร โพธิ์สุวรรณ
รายการนี้ยังไม่มีแท็ก
คุณยังไม่ได้ล็อกอิน คุณสามารถมีกิจกรรมร่วมกับเว็บไซต์ได้ แต่ต้องล็อกอินก่อน ::
  ล็อกอิน

รายการสื่อสารสนเทศ (วารสาร)

ดูแบบ: กล่อง รายการ
ARRIVED
ฉบับที่ 2 ปีที่ 1
สถานที่: ห้องสมุดวิทยาเขตสวรรค์ประชารักษ์ >วารสาร
ARRIVED
ฉบับที่ 1 ปีที่ 2
สถานที่: ห้องสมุดวิทยาเขตสวรรค์ประชารักษ์ >วารสาร
ARRIVED
ฉบับที่ 2 ปีที่ 2
สถานที่: ห้องสมุดวิทยาเขตสวรรค์ประชารักษ์ >วารสาร
ARRIVED
ฉบับที่ 2 ปีที่ 3 ฉ.1
สถานที่: ห้องสมุดวิทยาเขตสวรรค์ประชารักษ์ >หนังสือพิมพ์
ARRIVED
ฉบับที่ 4 ปีที่ 1 ฉ.1
สถานที่: ห้องสมุดวิทยาเขตสวรรค์ประชารักษ์ >หนังสือพิมพ์
ARRIVED
ฉบับที่ 4 ปีที่ 2 ฉ.1
สถานที่: ห้องสมุดวิทยาเขตสวรรค์ประชารักษ์ >หนังสือพิมพ์

BibComment


ยังไม่เคยถูกคอมเมนท์

คอมเมนท์ทรัพยากรรายการนี้
  คอมเมนท์: ราชาวดีสาร วิทยาล..


 Copyright 2026. Bcnsprnw @Library